01315cam a2200361 a 45000010005000000030006000050050017000110080041000280100017000690200031000860200018001170400023001350500016001580820011001741000018001852450040002032600035002433000025002784900019003035050007003225200225003295210018005545210019005726500035005916500019006266500026006456500024006716500025006959060045007209420015007659990015007809520158007956322FISKH20250422093827.0100428s2011 nyu c 000 1 eng  a 2010017221 a9780061989254 (trade bdg.) a9780545398312 aDLCcDLCdDLCbeng aPZ7.C4336 S a813.6 1 aChick, Bryan.10aSecrets and shadows /cBryan Chick. aNew York :bScholastic,c2011. a266 pages : c20 cm 0 aThe secret zoo aR  aNoah and his friends in the Secret Society join forces with four teens known as the Descenders to try to protect the Secret Zoo hidden below the Clarksville City Zoo from monstrous sasquatches and the evil Shadow Master. a780 bLexile  aR bRaz-Plus  1aMystery and detective stories. 1aZoosvFiction. 1aZoo animalsvFiction. 1aSasquatchvFiction. 1aFriendshipvFiction. a7bcbccorignewd1eecipf20gy-gencatlg 2ddccBKn0 c6322d6322 00102ddc40708JUVFa001b001cTK Oranged2025-04-22l1oCHI 813.6 PZ7.C4336 SpFISTK00043q2025-11-25r2025-11-11 11:35:56s2025-11-11w2025-04-22yBK